| 000 | 00413cam a2200169 4500 | ||
|---|---|---|---|
| 001 | L137211 | ||
| 002 | 16472 | ||
| 008 | 070322s2006 xxk f 000 0 eng d | ||
| 020 | _a1900648598 | ||
| 035 | _a(Sirsi) u137211 | ||
| 041 | 0 | _aeng | |
| 245 | 0 | 0 | _aFacilities managment legal update 2007 |
| 260 |
_aWorkplace Law Group Limited _c2006 |
||
| 350 | _a89.10 | ||
| 651 | 4 |
_aEngland and Wales _y1543- |
|
| 942 | _n0 | ||
| 999 |
_c106690 _d106690 |
||